Zwierzęta bez samogłosek - Statystyki

Ogólne statystyki
  • Ten quiz został rozwiązany 5 954 razy
  • Średni wynik to 16 z 20
Statystyki odpowiedzi
Wskazówka Odpowiedź % Poprawnych
Ryś
97%
BWŁ Bawół
96%
LW Lew
96%
NDŹWDŹ Niedźwiedź
96%
PNGWN Pingwin
95%
TGRS Tygrys
95%
ŻŁW Żółw
94%
GŁB Gołąb
93%
KNGR Kangur
91%
BBR Bóbr
87%
FK Foka
86%
BRSK Borsuk
83%
RZŁ Orzeł
80%
HN Hiena
76%
SZP Szop
76%
SP Sęp
73%
PLKN Pelikan
62%
PWN Pawian
51%
PTN Pyton
41%
LPK Alpaka
40%
Nie znaleziono quizów pasujących do podanych kryteriów
Rozkład punktacji
Procent ludzi z każdym wynikiem
Percentyl według liczby udzielonych odpowiedzi
Twoja historia wyników
Nie rozwiązałeś tego quizu